| 000 | 01559nam a2200409 i 4500 | ||
|---|---|---|---|
| 001 | 42748 | ||
| 003 | KOSZ 005 | ||
| 005 | 20210407105525.0 | ||
| 008 | 030312s2002 pl a f |100 0 eng | ||
| 015 | _aPB 2003/9036 | ||
| 020 | _a8388906089 | ||
| 020 | _a8388906046 | ||
| 020 | _a1901537374 | ||
| 020 | _a1901537358 | ||
| 035 | _a(OCoLC)830410802 | ||
| 040 |
_aWA N _cWA N _dKOSZ 005/HR |
||
| 046 | _k2002 | ||
| 080 | _a620.17 | ||
| 080 | _a539.3/.4 | ||
| 080 | _a(06) | ||
| 111 | 2 |
_aECF _n(14 ; _d2002, ; _cKraków). |
|
| 245 | 1 | 0 |
_aECF 14 Fracture Mechanics Beyond 2000 : _bproceedings of the 14th Bienniel Conference on Fracture - ECF 14 - held in Cracow, Poland, 18[!]-13 September, 2002 under auspices of the European Structural Integrity Society and American Society for Testing and Materials. _nVol. 2 / _ced. A. Neimitz [et al.]. |
| 246 | 1 | 8 | _aFracture Mechanics Beyond 2000. |
| 260 |
_aKielce : _b[Wydaw. Politechniki Świętokrzyskiej] ; _aSheffield : _bEMAS Pub., _ccop. 2002. |
||
| 300 |
_a730 s. : _bil. ; _c24 cm. |
||
| 380 | _aKsiążki | ||
| 380 | _aPublikacje naukowe | ||
| 388 | _a2002 | ||
| 504 | _aBibliogr. przy ref. | ||
| 650 | 4 | _aMechanika pękania | |
| 655 | 4 | _aMateriały konferencyjne | |
| 658 | _aInżynieria i technika | ||
| 700 | 1 |
_aNeimitz, Andrzej _d(1947- ) _eRedakcja |
|
| 710 | 2 |
_aWydawnictwo Politechniki Świętokrzyskiej _b _4pbl. |
|
| 856 |
_uhttp://koha.tu.koszalin.pl/cgi-bin/koha/opac-detail.pl?biblionumber=42748 _yKatalog online BPK |
||
| 942 |
_2UKD _cKS |
||
| 999 |
_c42748 _d42748 |
||